Management změn

Guardado en:
Detalles Bibliográficos
Autor principal: Kráčmar, Ján
Formato: Capítulo de libro
Lenguaje:checo
Etiquetas: Agregar Etiqueta
Sin Etiquetas, Sea el primero en etiquetar este registro!

MARC

LEADER 00000naa$a2200000$$$4500
001 0062991
005 20240502083151.2
041 0 |a cze 
044 |a CZ 
245 1 0 |a Management změn  |c Ján Kráčmar 
100 1 |a Kráčmar, Ján